00561nam a2200157 a 450000500170000000800410001702000180005805000180007624500210009426000370011530000230015244000320017552001490020765000280035665000190038420140412111230.0020411s19uu xx 00 eng d a1-56987-171-X aERbLe46 1994 aLenny the liner. aAshland, Ohio :bLandoll,c1994. a1 v. (unp.) ; ill. aA Hear My Sound Board Book! aLenny the Liner blows his horn as he sets out for the day. The smaller boats are relieved to hear his horn as he makes sure the harbor is safe. aTransportationxFiction aBoatsxFiction